| 000 | 00979nam a2200229Ia 4500 | ||
|---|---|---|---|
| 001 | 8595 | ||
| 003 | GE_BSU | ||
| 008 | 181216s||||||||xx |||||||||||||| ||und|| | ||
| 040 | _cGE_BSU | ||
| 080 | _a821.353.1-82 | ||
| 100 | _aთეიმურაზ, მეორე | ||
| 245 | _aთხზულებათა სრული კრებული | ||
| 245 | _bთეიმურაზ მეორე 1700-1762 | ||
| 245 | _cგიორგი ჯაკობიას წინასიტყვაობით რედ. ლექსიკონით და შენიშვნებით. | ||
| 250 | _aქართული კლასიკური მწერლობა | ||
| 260 | _aთბილისი. | ||
| 260 | _bფედერაცია | ||
| 260 | _c1939 | ||
| 300 | _a283 გვ; 1 ჩართ. ფურც. პორტრ., 23 სმ. | ||
| 653 | _aთხზულებათა სრული კრებული | ||
| 942 | _cBK | ||
| 999 |
_c41911 _d41911 |
||